000
00245nam a22001097a 4500
082
_a
891.4391 MUH'A
100
_a
MUHAMMAD ABNUL HASAN
_9
75489
245
_a
AABGINA
260
_a
PESHAWAR
_b
IDERA-ALIM0O-FUN
_c
1982
300
_a
112P
942
_c
BK
999
_c
580893
_d
580893